000 01792cam a2200361 4500500
005 20260329004642.0
041 _afre
042 _adc
100 1 0 _aPonnou, Sébastien
_eauthor
245 0 0 _aTravail social : entre clinique et savoirs, l’art de la conversation
260 _c2025.
500 _a65
520 _aPartant d’une critique argumentée des idéologies gestionnaires et scientistes caractéristiques du New Public Management et de l’Evidence Based Medicine/Practice en travail social, cet article décline les fondements cliniques et épistémologiques susceptibles de contribuer aux débats, aux controverses et à la conversation si nécessaires aux pratiques, à la formation et à la recherche en travail social.
520 _aStarting from an argued critique of the managerial and scientistic ideologies characteristic of New Public Management and evidence-based medicine/practice in social work, this article sets out the clinical and epistemological foundations likely to contribute to the debates, controversies, and conversation so necessary to social work practices, training, and research.
690 _aclinique
690 _aconversation
690 _aEvidence Based Medicine/Practice
690 _aformation
690 _aidéologie
690 _aNew Public Management
690 _apratiques sociales
690 _asavoirs
690 _aclinic
690 _aconversation
690 _aevidence-based medicine/practice
690 _aideology
690 _aknowledge
690 _aNew Public Management
690 _asocial practices
690 _atraining
786 0 _nEmpan | 140 | 4 | 2025-11-25 | p. 14-22 | 1152-3336
856 4 1 _uhttps://shs.cairn.info/revue-empan-2025-4-page-14?lang=fr&redirect-ssocas=7080
999 _c1836001
_d1836001